बाल विकास की दशाएं / (Record no. 120624)
[ view plain ]
| 000 -LEADER | |
|---|---|
| fixed length control field | 01106nam a22002537a 4500 |
| 005 - DATE AND TIME OF LATEST TRANSACTION | |
| control field | 20170124103200.0 |
| 010 ## - LIBRARY OF CONGRESS CONTROL NUMBER | |
| LC control number | A-932021 |
| 020 ## - INTERNATIONAL STANDARD BOOK NUMBER | |
| Terms of availability | 150.00 |
| 035 ## - SYSTEM CONTROL NUMBER | |
| System control number | A-932021 |
| 037 ## - SOURCE OF ACQUISITION | |
| Source of stock number/acquisition | Cen Lib/Ret |
| 040 ## - CATALOGING SOURCE | |
| Original cataloging agency | DPL |
| Language of cataloging | HN |
| 082 ## - DEWEY DECIMAL CLASSIFICATION NUMBER | |
| Classification number | 181.4 |
| Item number | गोस्वामी |
| 100 ## - MAIN ENTRY--PERSONAL NAME | |
| Personal name | गोस्वामी, सुबुद्धि |
| 9 (RLIN) | 91632 |
| 245 ## - TITLE STATEMENT | |
| Title | बाल विकास की दशाएं / |
| Statement of responsibility, etc | सुबुद्धि गोस्वामी |
| 246 ## - VARYING FORM OF TITLE | |
| Title proper/short title | Baal vikas ki dashayen / |
| Remainder of title | by Subuddhi Goswami |
| 260 ## - PUBLICATION, DISTRIBUTION, ETC. (IMPRINT) | |
| Place of publication, distribution, etc | जयपुर |
| Name of publisher, distributor, etc | श्याम प्रकाशन |
| Date of publication, distribution, etc | 1997 |
| 270 ## - ADDRESS | |
| City | जयपुर |
| Address | फिल्म कालोनी, चुदा रास्ता |
| Postal code | 302003 |
| 300 ## - PHYSICAL DESCRIPTION | |
| Extent | viii, 160पृ. |
| Dimensions | 21सेमी (सजिल्द) |
| 650 ## - SUBJECT ADDED ENTRY--TOPICAL TERM | |
| Topical term or geographic name as entry element | दर्शन शास्त्र -- स्नेहिल व्यवहार |
| 9 (RLIN) | 74766 |
| 650 ## - SUBJECT ADDED ENTRY--TOPICAL TERM | |
| Topical term or geographic name as entry element | बाल विकास |
| 9 (RLIN) | 1054 |
| 650 ## - SUBJECT ADDED ENTRY--TOPICAL TERM | |
| Topical term or geographic name as entry element | Philosophy -- Snehil behavior |
| 9 (RLIN) | 91633 |
| 650 ## - SUBJECT ADDED ENTRY--TOPICAL TERM | |
| Topical term or geographic name as entry element | Child Development |
| 9 (RLIN) | 895 |
| 942 ## - ADDED ENTRY ELEMENTS (KOHA) | |
| Source of classification or shelving scheme | Dewey Decimal Classification |
| Koha item type | Hindi Books |
| Classification part | 181.4 |
| Call number suffix | गोस्वामी |
| Withdrawn status | Lost status | Damaged status | Not for loan | Home library | Current library | Date acquired | Source of acquisition | Cost, normal purchase price | Total Checkouts | Full call number | Barcode | Date last seen | Date checked out | Copy number | Cost, replacement price | Price effective from | Koha item type |
|---|---|---|---|---|---|---|---|---|---|---|---|---|---|---|---|---|---|
| Central Library | Central Library | 23/09/2015 | Cen Lib/Ret | 150.00 | 5 | 181.4 गोस्वामी | A-932021 | 03/03/2019 | 17/02/2019 | 1 | 150.00 | 23/09/2015 | Hindi Books |
